History Quiz

Random History or Blitz Quiz
Score 0/20 Timer 01:00
2 Plays Today
Hint Letter % Correct
Letter 1 T 
93.4%
Letter 8 T 
93.4%
Letter 9 O 
89.9%
Letter 14 O 
89.9%
Letter 7 C 
87.6%
Letter 13 C 
87.6%
Letter 11 A 
87.5%
Letter 10 R 
86.5%
Letter 5 L 
83.1%
Letter 12 L 
83.1%
Hint Letter % Correct
Letter 15 L 
83.1%
Letter 16 L 
83.1%
Letter 2 H 
79%
Letter 3 E 
76.6%
Letter 4 E 
76.6%
Letter 6 E 
76.6%
Letter 17 E 
76.6%
Letter 19 E 
76.6%
Letter 18 G 
69.5%
Mystery PhraseThe Electoral College
55.7%

You're not logged in!

Compare scores with friends on all Sporcle quizzes.
OR
Log In

Sporcle TV

Today on Sporcle TV


Watch our educational content, quiz creation guides, and fun videos on Sporcle TV.

Show Comments

Extras

Top Quizzes Today


Score Distribution

Paid Content

Your Account Isn't Verified!

In order to create a playlist on Sporcle, you need to verify the email address you used during registration. Go to your Sporcle Settings to finish the process.

Report this User

Report this user for behavior that violates our Community Guidelines.

Details: